[Event "Mallorca-chT Preferente"]
[Site "Palma de Mallorca"]
[Date "2012.03.31"]
[Round "9.1"]
[White "Sacares Cloquell, Miguel"]
[Black "Munoz Visiedo, Juan Carlos"]
[Result "1/2-1/2"]
[WhiteElo "1849"]
[BlackElo "2141"]
[PlyCount "102"]
[EventDate "2012.01.28"]
[EventType "team"]
[EventRounds "9"]
[EventCountry "ESP"]
[SourceTitle "EXT 2014"]
[Source "ChessBase"]
[SourceDate "2013.11.20"]
[SourceVersion "1"]
[SourceVersionDate "2013.11.20"]
[SourceQuality "1"]
[WhiteTeam "Maria Salut"]
[BlackTeam "Tropic"]
[WhiteTeamCountry "ESP"]
[BlackTeamCountry "ESP"]

1. e4 c5 2. Nf3 Nc6 3. d4 cxd4 4. Nxd4 Nf6 5. Nc3 e5 6. Ndb5 d6 7. Bg5 a6 8. Na3 Be7 9. Bxf6 Bxf6 10. Nd5 Bg5 11. c3 0-0 12. Nc2 Be6 13. Nce3 Ne7 14. Be2 Bxe3 15. Nxe3 d5 16. exd5 Nxd5 17. Nxd5 Bxd5 18. 0-0 Bc6 19. Qxd8 Rfxd8 20. Rfd1 Kf8 21. f3 Ke7 22. Kf2 f5 23. Rac1 Rac8 24. g3 Bd5 25. c4 Be6 26. b3 a5 27. f4 exf4 28. gxf4 b6 29. Bf3 Rxd1 30. Rxd1 a4 31. Ke3 axb3 32. axb3 Rc7 33. Bd5 Rd7 34. Kd4 Bxd5 35. cxd5 Rd6 36. Ke5 Rh6 37. Rd2 Rh3 38. Rc2 Kd7 39. Ra2 Re3+ 40. Kxf5 g6+ 41. Kf6 Kd6 42. Ra7 Rh3 43. Rb7 Rxh2 44. Rxb6+ Kxd5 45. Rb7 Kc6 46. Rb8 Rh5 47. Rh8 Rf5+ 48. Kg7 Rxf4 49. Rxh7 g5 50. Kg6 g4 51. Rh4 Rb4 1/2-1/2

[Event "Mallorca-chT Preferente"]
[Site "Palma de Mallorca"]
[Date "2012.02.18"]
[Round "3.1"]
[White "Munar Rossello, Pedro"]
[Black "Sacares Cloquell, Miguel"]
[Result "0-1"]
[WhiteElo "2106"]
[BlackElo "1849"]
[PlyCount "88"]
[EventDate "2012.01.28"]
[EventType "team"]
[EventRounds "9"]
[EventCountry "ESP"]
[SourceTitle "EXT 2014"]
[Source "ChessBase"]
[SourceDate "2013.11.20"]
[SourceVersion "1"]
[SourceVersionDate "2013.11.20"]
[SourceQuality "1"]
[WhiteTeam "Sa Dragonera"]
[BlackTeam "Maria Salut"]
[WhiteTeamCountry "ESP"]
[BlackTeamCountry "ESP"]

1. e4 c5 2. Nf3 Nc6 3. Nc3 Nf6 4. e5 Ng4 5. Qe2 g6 6. Qe4 Nh6 7. Bb5 Bg7 8. d3 Nf5 9. Bxc6 dxc6 10. 0-0 0-0 11. Bg5 h6 12. Bd2 Be6 13. Rfe1 Qd7 14. h3 Rfd8 15. Rad1 Nd4 16. Nxd4 cxd4 17. Ne2 c5 18. Nf4 Bd5 19. Nxd5 Qxd5 20. e6 f5 21. Qh4 g5 22. Qh5 Rf8 23. h4 f4 24. Re4 Rf5 25. hxg5 hxg5 26. f3 Raf8 27. Kf2 R5f6 28. Rde1 Rh6 29. Qg4 Rh4 30. Re5 Qxe5 31. Rxe5 Rxg4 32. Rxc5 Rh4 33. Rc7 Rb8 34. Rxe7 Be5 35. Rd7 Rh7 36. e7 Re8 37. Bb4 a5 38. Bc5 b6 39. Ba3 Rh6 40. Rd5 Re6 41. c3 dxc3 42. bxc3 Bf6 43. Bd6 Kf7 44. Bc7 R8xe7 0-1

[Event "Mallorca-chT Preferente"]
[Site "Palma de Mallorca"]
[Date "2012.01.28"]
[Round "1.1"]
[White "Sauleda Roig, Jaume"]
[Black "Sacares Cloquell, Miguel"]
[Result "1-0"]
[WhiteElo "2146"]
[BlackElo "1849"]
[PlyCount "49"]
[EventDate "2012.01.28"]
[EventType "team"]
[EventRounds "9"]
[EventCountry "ESP"]
[SourceTitle "EXT 2014"]
[Source "ChessBase"]
[SourceDate "2013.11.20"]
[SourceVersion "1"]
[SourceVersionDate "2013.11.20"]
[SourceQuality "1"]
[WhiteTeam "Dimonis Algaida"]
[BlackTeam "Maria Salut"]
[WhiteTeamCountry "ESP"]
[BlackTeamCountry "ESP"]

1. d4 Nf6 2. c4 c5 3. d5 e6 4. Nc3 exd5 5. cxd5 d6 6. e4 g6 7. f4 Bg7 8. Nf3 0-0 9. Be2 a6 10. a4 Re8 11. e5 dxe5 12. fxe5 Ng4 13. e6 fxe6 14. d6 Nc6 15. 0-0 Nd4 16. Ne4 Nxe2+ 17. Qxe2 b6 18. Bg5 Qd7 19. h3 Ne5 20. Nxe5 Bxe5 21. Bf6 Bxd6 22. Rad1 Qxa4 23. Nxd6 Rf8 24. Nxc8 Raxc8 25. Qxe6+ 1-0